000 00974nam a2200301 4500
001 2400016
003 DO-SdBPM
005 20250811104021.0
007 ta
008 160316b1999 cu |||| 00| 0 spa d
020 _a0311461573
040 _aDO-SdBPM
_bspa
_cBPMSU
_erda
082 4 _a248.8421
_bM478p 1999
_222
100 1 _aMcDowel, Josh
_eautor
245 1 3 _aEl padre que yo quiero ser :
_b10 cualidades del corazón que capacitan a sus hijos para tomar decisiones correctas /
_cJosh McDowell ; traducido por Josie de Smith.
260 _a
_c
264 _aCuba ;
_bMundo Hispano,
_c1999
300 _a174 pájinas . :
_c21 cm.
336 _atexto
_btxt
_2rdacontent
337 _asin mediación
_bn
_2rdamedia
338 _avolumen
_bnc
_2rdacarrier
590 _aInventariado, 2025/VM
650 7 _aPadres
650 7 _aVida cristiana
700 1 _aSmith, Josie de,
_etraductor
910 _aVMateo V. Control de calidad. BPMSU
942 _2ddc
_cBK
999 _c9270
_d9270